Estadísticas para Países Conectados en el Mapa Mundial #2

Haz click aquí para intentar la prueba.

Estadísticas generales

  • Esta prueba ha sido intentada 2.347 veces
  • La puntuación promedio es 19 de 23

Respuestas en el mapa

Las respuestas están codificadas por una escala verde-roja en el mapa de la prueba según el % correcto abajo.
 

Estadísticas de respuestas

País% Correcto
Rusia
99%
Alemania
98%
España
98%
Francia
98%
Finlandia
96%
Marruecos
96%
Suecia
96%
Dinamarca
95%
Malí
87%
Mauritania
87%
Corea del Norte
84%
Corea del Sur
84%
Nigeria
82%
Luxemburgo
78%
Camerún
77%
Benín
72%
Burkina Faso
72%
Kenia
70%
Mozambique
70%
República Centroafricana
70%
Etiopía
69%
Tanzania
69%
Sudán del Sur
64%

Distribución de puntuación

Porcentaje por número respondido

Porcentaje de gente con cada puntuación

Historial de tus puntuaciones

No has intentado esta prueba.